Researching power elites and leadership (Record no. 121607)

MARC details
000 -LEADER
fixed length control field 00513nam a2200205Ia 4500
008 - FIXED-LENGTH DATA ELEMENTS--GENERAL INFORMATION
fixed length control field 210210b2012 xxu||||| |||| 00| 0 eng d
020 ## - INTERNATIONAL STANDARD BOOK NUMBER
International Standard Book Number 9780857024299
041 ## - LANGUAGE CODE
Language code of text/sound track or separate title eng
082 ## - DEWEY DECIMAL CLASSIFICATION NUMBER
Classification number 305.52 WILR
100 ## - MAIN ENTRY--PERSONAL NAME
Personal name WILLIAMS (Christopher)
245 ## - TITLE STATEMENT
Title Researching power elites and leadership
260 ## - PUBLICATION, DISTRIBUTION, ETC.
Place of publication, distribution, etc. Los Angeles
Name of publisher, distributor, etc. Sage Publications
Date of publication, distribution, etc. 2012
300 ## - PHYSICAL DESCRIPTION
Extent xvi,320
650 ## - SUBJECT ADDED ENTRY--TOPICAL TERM
Topical term or geographic name entry element Researching
650 ## - SUBJECT ADDED ENTRY--TOPICAL TERM
Topical term or geographic name entry element power
650 ## - SUBJECT ADDED ENTRY--TOPICAL TERM
Topical term or geographic name entry element leadership
650 ## - SUBJECT ADDED ENTRY--TOPICAL TERM
Topical term or geographic name entry element elites
690 ## - LOCAL SUBJECT ADDED ENTRY--TOPICAL TERM (OCLC, RLIN)
Topical term or geographic name as entry element Social Classes
906 ## - LOCAL DATA ELEMENT F, LDF (RLIN)
a 071839
Holdings
Withdrawn status Lost status Damaged status Not for loan Collection code Home library Current library Shelving location Date acquired Source of acquisition Cost, normal purchase price Total Checkouts Full call number Barcode Date last seen Price effective from Koha item type
          St Aloysius Library St Aloysius Library   02/17/2021 Intact Bookhouse Pvt. Ltd, Bangalore-560050 2827.24   305.52 WILR 071839 02/17/2021 02/17/2021 Book